000 00621nam a2200205 i 4500
001 34801
003 ES-MaACL
005 20260210162429.0
007 t|
008 030211s1908 fr ||||1| fre d
100 1 _aBonnefont, Georges.
_930242
245 1 0 _aElevage et dressage du cheval /
_cpar Georges Bonnefont ; introduction par P. Regnard.
260 _aCorbeil :
_bCrete,
_c1908.
300 _aXII, 456 p. ;
_c18 cm.
490 1 _aEncyclopédie agricole
700 1 _aRegnard, Paul (
_d1850-1927)
_9150831
830 0 _aEncyclopédie agricole
_9180885
852 _aES-MaACL
_jD-3715
999 _c34801
_d34801